| Поле | Название | Значение |
| |
Тип записи |
c |
| |
Библиографический уровень |
m |
| 001 |
Контрольный номер |
UONB/MAIN/e5e88ad72cf4414ea6fd535d5a015c05 |
| 005 |
Дата корректировки |
20251205170430.8 |
| 010 |
Индекс ISBN |
__ |
| 9 |
Тираж |
7530 экз. |
| 013 |
Номер (ISMN) |
__ |
| d |
Цена |
55 к. |
| 071 |
Издательские номер (звукозапись и ноты) |
21 |
| a |
Номер, присвоенный агентством |
8798 |
| 100 |
Данные общей обработки |
__ |
| a |
Данные общей обработки |
20231103g1990 u y0rusy0189 ca |
| 101 |
Язык документа |
0_ |
| a |
Язык текста |
rus |
| f |
Язык титульного листа |
rus |
| 102 |
Страна публикации |
__ |
| a |
Страна публикации |
RU |
| 125 |
Кодированные данные звукозаписи и нотных изданий |
__ |
| a |
Форма изложения нотного текста |
z |
| 128 |
Кодированные данные (звукозаписи-физические характеристики) |
__ |
| a |
Кодированные данные: Музыкальная форма и тональность или лад |
zz |
| c |
Инструменты или голоса, рекомендуемые для солистов (устаревшее) |
tb |
| 200 |
Заглавие и сведения об ответственности |
1_ |
| a |
Заглавие |
Выпуск 40 |
| f |
Первые сведения об ответственности |
составитель А. Борк |
| 203 |
Вид содержания и тип средства |
__ |
| a |
Вид содержания |
Музыка |
| b |
Характеристика содержания |
знаковая |
| c |
Тип средства |
непосредственная |
| 210 |
Выходные данные |
1_ |
| d |
Дата издания |
1990 |
| 215 |
Физическое описание |
__ |
| a |
Объем |
33 с. |
| 327 |
Примечание о содержании |
11 |
| a |
Примечание о содержании |
Содерж. : Шостакович Д. Прелюдия. - Кабалевский Д. Старинный танец. - Хачатурян К. Серенада. - Салиман-Владимиров Д. Якутский эскиз. - Дмитриев Г. Вариации на старинную тему. - Чайковский Б. Прелюдия. - Борк А. Размышление. - Блинов Ю. Четвертая серенада. - Глинка М. Фуга. - Стравинский И. Ларгетто. - Гендель Г. Ария : из Сюиты № 10. - Сор Ф. Соната. - Таррега Ф. Мазурка. - Регер М. Сломя голову. - Хиндемит П. Марш. - Морков В. Вариации : на тему рус. нар. песни "Помнишь ли меня, мой свет". - Барыня : рус. нар. пляска / обраб. А. Сихры. - Высотский М. Вариации : на тему рус. нар. песни "Чем тебя я огорчила". |
| 461 |
Уровень набора |
_0 |
| 1 |
|
2001 |
| a |
|
Репертуар гитариста |
| b |
|
Ноты |
| e |
|
шестиструнная гитара |
| e |
|
[с сопровождением фортепиано и без сопровождения] |
| v |
|
Вып. 40 |
| 1 |
|
2101 |
| a |
|
Москва |
| c |
|
Музыка |
| d |
|
1966 - |
| 1 |
|
001UONB/MAIN/70589ceb1d0c42ce83a9343d42e6c8d0 |
| 1 |
|
215 |
| d |
|
29 см |
| 464 |
Аналитический уровень |
_0 |
| 1 |
|
700 1 |
| a |
|
Шостакович |
| b |
|
Д. |
| 1 |
|
2001 |
| a |
|
Прелюдия |
| 464 |
Аналитический уровень |
_0 |
| 1 |
|
700 1 |
| a |
|
Кабалевский |
| b |
|
Д. |
| 1 |
|
2001 |
| a |
|
Старинный танец |
| 464 |
Аналитический уровень |
_0 |
| 1 |
|
700 1 |
| a |
|
Хачатурян |
| b |
|
К. |
| 1 |
|
2001 |
| a |
|
Серенада |
| 464 |
Аналитический уровень |
_0 |
| 1 |
|
700 1 |
| a |
|
Салиман-Владимиров |
| b |
|
Д. |
| 1 |
|
2001 |
| a |
|
Якутский эскиз |
| 464 |
Аналитический уровень |
_0 |
| 1 |
|
700 1 |
| a |
|
Дмитриев |
| b |
|
Г. |
| 1 |
|
2001 |
| a |
|
Вариации на старинную тему |
| 464 |
Аналитический уровень |
_0 |
| 1 |
|
700 1 |
| a |
|
Чайковский |
| b |
|
Б. |
| 1 |
|
2001 |
| a |
|
Прелюдия |
| 464 |
Аналитический уровень |
_0 |
| 1 |
|
700 1 |
| a |
|
Борк |
| b |
|
А. |
| 1 |
|
2001 |
| a |
|
Размышление |
| 464 |
Аналитический уровень |
_0 |
| 1 |
|
700 1 |
| a |
|
Блинов |
| b |
|
Ю. |
| 1 |
|
2001 |
| a |
|
Четвертая серенада |
| 464 |
Аналитический уровень |
_0 |
| 1 |
|
700 1 |
| a |
|
Глинка |
| b |
|
М. |
| 1 |
|
2001 |
| a |
|
Фуга |
| 464 |
Аналитический уровень |
_0 |
| 1 |
|
700 1 |
| a |
|
Стравинский |
| b |
|
И. |
| 1 |
|
2001 |
| a |
|
Ларгетто |
| 464 |
Аналитический уровень |
_0 |
| 1 |
|
700 1 |
| a |
|
Гендель |
| b |
|
Г. |
| 1 |
|
2001 |
| a |
|
Ария |
| e |
|
из Сюиты № 10 |
| 1 |
|
50010 |
| a |
|
Сюита № 10 |
| i |
|
Ария |
| 464 |
Аналитический уровень |
_0 |
| 1 |
|
700 1 |
| a |
|
Сор |
| b |
|
Ф. |
| 1 |
|
2001 |
| a |
|
Соната |
| 464 |
Аналитический уровень |
_0 |
| 1 |
|
700 1 |
| a |
|
Таррега |
| b |
|
Ф. |
| 1 |
|
2001 |
| a |
|
Мазурка |
| 464 |
Аналитический уровень |
_0 |
| 1 |
|
700 1 |
| a |
|
Регер |
| b |
|
М. |
| 1 |
|
2001 |
| a |
|
Сломя голову |
| 464 |
Аналитический уровень |
_0 |
| 1 |
|
700 1 |
| a |
|
Хиндемит |
| b |
|
П. |
| 1 |
|
2001 |
| a |
|
Марш |
| 464 |
Аналитический уровень |
_0 |
| 1 |
|
700 1 |
| a |
|
Морков |
| b |
|
В. |
| 1 |
|
2001 |
| a |
|
Вариации |
| e |
|
на тему рус. нар. песни "Помнишь ли меня, мой свет" |
| 464 |
Аналитический уровень |
_0 |
| 1 |
|
702 1 |
| a |
|
Сихра |
| b |
|
А. |
| 4 |
|
030 |
| 1 |
|
702 1 |
| a |
|
Ларичев |
| b |
|
Е. |
| 4 |
|
340 |
| 1 |
|
2001 |
| a |
|
Барыня |
| e |
|
рус. нар. пляска |
| 464 |
Аналитический уровень |
_0 |
| 1 |
|
700 1 |
| a |
|
Высотский |
| b |
|
М. |
| 1 |
|
702 1 |
| a |
|
Ларичев |
| b |
|
Е. |
| 4 |
|
340 |
| 1 |
|
2001 |
| a |
|
Вариации |
| e |
|
на тему рус. нар. песни "Чем тебя я огорчила" |
| 512 |
Заглавие обложки |
1_ |
| a |
Заглавие обложки |
Репертуар гитариста |
| 606 |
Тематические рубрики |
0_ |
| a |
Основная рубрика |
Гитара шестиструнная |
| x |
Основная подрубрика |
Репертуар |
| 610 |
Ключевые слова |
0_ |
| a |
Ключевые слова |
гитара шестиструнная; репертуар |
| 686 |
Индексы других классификаций |
__ |
| a |
Классификационный индекс |
85.956.41я43 |
| 2 |
Код системы |
rubbk |
| 702 |
Вторичная интеллектуальная ответственность |
_1 |
| a |
Фамилия |
Борк |
| b |
Имя (инициалы) |
А. П. |
| g |
Полное личное имя |
Александр Павлович |
| 4 |
Код отношения |
220 |
| 801 |
Источник записи |
_0 |
| a |
Страна |
RU |
| b |
Организация |
Ульяновская ОНБ |
| c |
Дата составления |
20231103 |
| g |
Правила каталогизации |
RCR |
| 801 |
Источник записи |
_1 |
| a |
Страна |
RU |
| b |
Организация |
Ульяновская ОНБ |
| c |
Дата составления |
20231103 |
| g |
Правила каталогизации |
RCR |
| 901 |
Тип документа |
__ |
| t |
Тип документа |
n |
| w |
Контрольный № источника |
UONB/MAIN/70589ceb1d0c42ce83a9343d42e6c8d0 |
| 909 |
Создатель записи |
__ |
| a |
Создатель записи |
Грязнова И. Е. |